000 00911nas a2200289 4500
001 BR2012001038
003 BR-BrBNA
005 20231205120203.0
007 ta
008 230509b bl.|||p| |||| 00| 00por d
040 _aBR-BrBNA
_bpor
_cBiblioteca Nacional de Agricultura
041 _a(Pt)
072 _aS40
100 1 _aFiorillo, C.
100 1 _aLobo, R.B.M.
100 1 _aPinto, A.M.S.
245 1 _aAvaliação da preferência alimentar quanto a frutas e hortaliças de usuários de uma unidade de alimentação e nutrição hospitalar
650 _aPREFERÊNCIA ALIMENTAR
650 _aPROGRAMA DE NUTRIÇÃO
650 _aFRUTA
650 _aHORTALIÇA
650 _aFIBRA
650 _aQUALIDADE
773 0 _tHigiene Alimentar (Brazil)
_xISSN 0101-9171
_g(May-Jun 2009), v. 23(172-173) p. 35-40
_wBR2012001038
909 _a202311
_bLúcia
_c55
_dLúcia Elande
942 _2AGRIS
_n0
_cANA
999 _c217364
_d217364